Sports Quiz

Random Sports or NFL Quiz

5.5 Yds/Carry 100 Rushing Att Quiz Stats

 Plays Quiz not verified by Sporcle

Score 0/11 Timer 05:00
0 Plays Today
Year(s) Player Name % Correct
2007Adrian Peterson
97.6%
2009Chris Johnson
97.6%
2009Felix Jones
95.8%
2009-2010Jamaal Charles
91.7%
2008DeAngelo Williams
91.7%
2006Maurice Jones-Drew
88.7%
2002, 2004-2006Michael Vick
77.4%
2008Derrick Ward
73.2%
2002Clinton Portis
69%
2007Jerious Norwood
43.5%
2002Daunte Culpepper
38.1%

You're not logged in!

Compare scores with friends on all Sporcle quizzes.
OR
Log In

Show Comments

Extras

Top Quizzes Today


Score Distribution

Your Account Isn't Verified!

In order to create a playlist on Sporcle, you need to verify the email address you used during registration. Go to your Sporcle Settings to finish the process.

Report this User

Report this user for behavior that violates our Community Guidelines.

Details: